<?xml version="1.0" encoding="UTF-8"?>
<collection xmlns:xsi="http://www.w3.org/2001/XMLSchema-instance" xsi:schemaLocation="http://www.loc.gov/MARC21/slim http://www.loc.gov/standards/marcxml/schema/MARC21slim.xsd" xmlns="http://www.loc.gov/MARC21/slim">
 <record>
  <leader>00000ctm a22000003a 4500</leader>
  <controlfield tag="001">UP-8027390931316196860</controlfield>
  <controlfield tag="003">Buklod</controlfield>
  <controlfield tag="005">20260210144217.0</controlfield>
  <controlfield tag="006">a     r    |||| u|</controlfield>
  <controlfield tag="007">ta</controlfield>
  <controlfield tag="008">100616s        xx     d     r    |||| u|</controlfield>
  <datafield tag="035" ind1=" " ind2=" ">
   <subfield code="a">(iLib)UPMIN-00004514051</subfield>
  </datafield>
  <datafield tag="040" ind1=" " ind2=" ">
   <subfield code="a">upmin</subfield>
  </datafield>
  <datafield tag="041" ind1=" " ind2=" ">
   <subfield code="a">eng</subfield>
  </datafield>
  <datafield tag="090" ind1=" " ind2="0">
   <subfield code="a">LG993.5 2008 A7</subfield>
   <subfield code="b">S26</subfield>
  </datafield>
  <datafield tag="100" ind1="1" ind2=" ">
   <subfield code="a">Sanchez, Jeremy Roy A.</subfield>
  </datafield>
  <datafield tag="245" ind1="0" ind2="0">
   <subfield code="a">Instituting an inclusive built environment for the differently-abled persons thru activity-based design</subfield>
   <subfield code="c">Jeremy  Roy A. Sanchez.</subfield>
  </datafield>
  <datafield tag="264" ind1=" " ind2="1">
   <subfield code="c">2008</subfield>
  </datafield>
  <datafield tag="300" ind1=" " ind2=" ">
   <subfield code="a">181 leaves</subfield>
  </datafield>
  <datafield tag="502" ind1=" " ind2=" ">
   <subfield code="a">Thesis (BS Architecture) -- University of the Philippines Mindanao, 2008</subfield>
  </datafield>
  <datafield tag="520" ind1=" " ind2=" ">
   <subfield code="a">Anyone who acquires physical disability, or born with one, finds himself facing more than just adjustment to a physical impairment or long term illness that prevents him from walking as fast as other people or holding a job in competitive employment. He is regarded by others and even by himself as ?different' and his difference is considered an undesirable one, creating a sense of awkwardness, embarrassment, and and confusion on one's social interaction with others. Thus, the principles of community integration advocates for the inclusion of the differently-abled individuals to the community through active participation in the activities in the community such as recreational activities. Recreational activity is more than just a form of leisure activity. It is also regarded as a social activity which could be used when trying to established a relationship or attempting to initiate inclusion with the rest of the members of the community or to the mainstream society. Furthermore, according to studies, recreational activities could also be employed as a form of rehabilitative activity for those individuals who are experiencing underdevelopments of their motor skills especially the differently-abled persons. The process of inclusion on the other hand cannot be implemented if the immediate environment that the differently-abled wishes to be included is not designed to accommodate their condition. As revealed in this study the current condition of the recreational environment in most community is not conceived with the consideration of the condition of differently-abled in mind which, consequently further results in stigmatizing this marginalized group in or society.</subfield>
  </datafield>
  <datafield tag="658" ind1=" " ind2=" ">
   <subfield code="a">Architectural Design IX: Research Project in Architecture</subfield>
   <subfield code="c">ARCH191</subfield>
   <subfield code="2">BSA, College of Humanities and Social Sciences.</subfield>
  </datafield>
  <datafield tag="658" ind1=" " ind2=" ">
   <subfield code="a">Architectural Design X: Architectural Design Project</subfield>
   <subfield code="c">ARCH192</subfield>
   <subfield code="2">BSA, College of Humanities and Social Sciences.</subfield>
  </datafield>
  <datafield tag="905" ind1=" " ind2=" ">
   <subfield code="a">FI</subfield>
  </datafield>
  <datafield tag="905" ind1=" " ind2=" ">
   <subfield code="a">UP</subfield>
  </datafield>
  <datafield tag="852" ind1="0" ind2=" ">
   <subfield code="a">UPMIN</subfield>
   <subfield code="b">UPMIN-MAIN</subfield>
   <subfield code="h">LG993.5 2008 A7</subfield>
   <subfield code="i">S26</subfield>
  </datafield>
  <datafield tag="942" ind1=" " ind2=" ">
   <subfield code="a">Thesis</subfield>
  </datafield>
 </record>
</collection>
